1360 1773 1442 1398 1429 1416 1816 1484 1920 1573 1370 1582 1929 1259 1404 1493 1598 1070 1764 1559 1332 1931 1797 1179 1047 1719 1467 1686 1398 1767 1627 1565 1526 1265 1103 1482 1800 1584 1827 1312 1515 1292 1332 1378 1924 1532 1405 1776 1732 1221 1865 1272 1116 1261 1619 1818 1605 1115 1087 1668 1639 1561 1296 1976 1377 1864 1901 1907 1992 1960 1741 1744 1887 1283 1353 1985 1150 1035 1882 1474 1208 1500 1474 1125 1574 1076 1863 1660 1680 1723 1894 1024 1252 1490 1071 1392 1302 1388 1299 BCNSPRNW ULIB Ver.6.0+V

เปลี่ยนเป็นภาษาไทย

Change to English
 แสดงรายละเอียดบรรณานุกรม
  กลับหน้าหลัก

Brief Record : Get Marc (ISO 2709) : E-mail record : QR code < ปิดหน้าต่าง
LEADER : 00000nam 2200000uu 4500
001    13399111524
003     ULIB
008    110628s||||||||th 000 0 tha d
020    9748815064
020    9789748815060
050  4 BQ4570^bท237ต 2550
100 0  ทศพร ศรีคำ กลมเกลียว
245 10 ต้นบุญ/^cทศพร ศรีคำ กลมเกลียว
250    พิมพ์ครั้งที่ 2
260    กรุงเทพฯ :^bต้นบุญ,^c 2550
300    174 หน้า^bภาพประกอบ
650  7 บุญ
650  7 พุทธศาสนา
650  7 ความเชื่อ
945    ^p140^l0^i025105
995    ทศพร
999 ^a ใช้งานได้ทุกระบบ
รายการนี้ยังไม่มีแท็ก
คุณยังไม่ได้ล็อกอิน คุณสามารถมีกิจกรรมร่วมกับเว็บไซต์ได้ แต่ต้องล็อกอินก่อน ::
  ล็อกอิน

รายการสื่อสารสนเทศ

ลำดับที่ ประเภท เลขเรียก/บาร์โค้ด สถานที่ สถานะ
- ไม่พบข้อมูล -

รายการใกล้เคียง
    หัวเรื่อง [บุญ]
    หัวเรื่อง [พุทธศาสนา]
    หัวเรื่อง [ความเชื่อ]

BibComment


ยังไม่เคยถูกคอมเมนท์

คอมเมนท์ทรัพยากรรายการนี้
  คอมเมนท์: ต้นบุญ ทศพร ศรีคำ..


 Copyright 2026. Bcnsprnw @Library